000 00936nam a22002297a 4500
999 _c5135
_d5135
003 AR-CdUCM
008 190312b ||||| |||| 00| 0 spa d
040 _aMUNICIPALIDAD PROVINCIAL DEL CUSCO
_cBIBLIOTECA MUNICIPAL DEL CUSCO
082 _22 ed.
_a741 /
_bF25
100 _aFarre, Miguel
_915614
245 _aLa pintura a la acuarela :
_bhistoria y técnica de la pintura al agua /
260 _aBarcelona :
_bSucesor de E. Meseguer,
_c1953.
300 _a96 páginas ;
_bLXIV láminas,
_c16 cm.
440 _aManual Meseguer
_n8
_915615
500 _aDonación de la familia Nieto
505 _aContenido: La técnica al agua en la historia de la pintura -- Hacia la técnica-ideas generales sobre el procedimiento de pintura en acuarela -- colores -- los papeles -- otros elementos ...
650 _aAcuarela
_915616
650 _aTécnica de la acuarela
_915617
650 _aManual
_97438
942 _2ddc
_cLIBROS
945 _araen